Remontées et pistes des 7 Laux - Statistiques

Statistiques générales
  • Ce quiz a été pris 6 fois
  • Le résultat moyen est 40 sur 68
Statistiques - réponses
Hint Réponse % Correct
Remontées Mécaniques TSD4 Pleynet Aigle
100%
Noires Prapoutel Bédina
100%
Bleues Pipay Biche
100%
Remontées Mécaniques TSD6 Prapoutel Chamois
100%
Rouges Prapoutel Chamois
100%
Noires Prapoutel Combe de Bédina
100%
Remontées Mécaniques TSF4 Pipay Eterlou
100%
Remontées Mécaniques TSD6 Prapoutel Gypaète
100%
Remontées Mécaniques TSD6 Pleynet Oursière
100%
Bleues Pleynet Oursière
100%
Rouges Pleynet Oursière
100%
Noires Pleynet Vallons du Pra
100%
Remontées Mécaniques TSD4 Prapoutel Bouquetin
75%
Vertes Tout Chanterelle
75%
Rouges Pleynet Chanterelle rouge
75%
Bleues Pleynet Coulemelle
75%
Remontées Mécaniques TSCD6-8 Pipay Grand Cerf
75%
Remontées Mécaniques TSF4 Prapoutel Lac
75%
Remontées Mécaniques TKD Prapoutel Lac
75%
Rouges Prapoutel Lac
75%
Noires Pleynet L'évêque
75%
Remontées Mécaniques TKE Pleynet Loups
75%
Rouges Pipay Mataru
75%
Noires Prapoutel Pas du Chien
75%
Remontées Mécaniques TSF4 Pleynet Pincerie
75%
Rouges Prapoutel Pouta inférieure
75%
Noires Prapoutel Pouta supérieure
75%
Remontées Mécaniques TKE2 Pleynet Soleil
75%
Remontées Mécaniques TKD Prapoutel Ardoisière
50%
Rouges Prapoutel Ardoisière
50%
Rouges Prapoutel Armillaire
50%
Rouges Prapoutel Clapierre
50%
Bleues Pleynet Crêt Granier
50%
Bleues Prapoutel Girolle inférieure
50%
Rouges Prapoutel Girolle supérieure
50%
Rouges Prapoutel Jas du lièvre
50%
Noires Prapoutel Jasse
50%
Remontées Mécaniques TKE Pipay Marcassins
50%
Vertes Pipay Marcassins
50%
Remontées Mécaniques TKE2 Prapoutel Marmottons
50%
Noires Pipay Noisette
50%
Remontées Mécaniques TKE Prapoutel Piscine
50%
Noires Pleynet Plagnes
50%
Remontées Mécaniques TKE Prapoutel Plan
50%
Vertes Prapoutel Plan
50%
Noires Pleynet Plan du Pra
50%
Remontées Mécaniques TKE Prapoutel P'tits loups
50%
Vertes Prapoutel P'tits loups
50%
Rouges Pleynet Roche Noire
50%
Bleues Pleynet Rosée des Prés
50%
Remontées Mécaniques TKE Pleynet Tétras
50%
Noires Pleynet Variante
50%
Vertes Pleynet Balcon
25%
Remontées Mécaniques TKE Pipay Blanchons
25%
Vertes Pipay Blanchons
25%
Rouges Prapoutel Bolet
25%
Bleues Prapoutel Cèpe
25%
Bleues Pipay Charbonnière
25%
Remontées Mécaniques TKE Pleynet Ecureuils
25%
Noires Prapoutel Faucons
25%
Noires Pleynet Lagopède
25%
Remontées Mécaniques Tapis Pleynet Pleynet
25%
Noires Prapoutel Rhodos
25%
Bleues Prapoutel Russules
25%
Vertes Prapoutel Souchette inférieure
25%
Bleues Prapoutel Souchette supérieure
25%
Bleues Prapoutel Cabris
0%
Vertes Pleynet Oursons
0%
Aucun quiz correspondant
Distribution des résultats
% des personnes avec chaque résultat
Percentile par nombre de réponses
Votre historique - résultats
Vous n’avez pas pris ce quiz